Δελτίον Βιβλικών Μελετών

Αποθηκεύτηκε σε:
Λεπτομέρειες βιβλιογραφικής εγγραφής
Μορφή: Περιοδική έκδοση
Γλώσσα:Greek
Multiple
Δημοσίευση: Αθήνα: Θρησκευτικόν , Εκπαιδευτικόν και Φιλανθρωπικών Λυμπεροπούλειον Ίδρυμα " Άρτος Ζωής", 1971-1974
Θέματα:
Ετικέτες: Προσθήκη ετικέτας
Δεν υπάρχουν, Καταχωρήστε ετικέτα πρώτοι!

MARC

LEADER 00000cas a2200000 a 4500
001 1/120041
008 191002d19711974gr |||||||||||| ||gre||
022 |a 1012-2311  
040 |a GR-MyUa   |b gre   |c GR-MyUa   |e AACR2  
041 1 |a gre  |h mul 
082 7 |a 220   |2 (23)  
210 0 |a Δελτ.Βιβλ. Μελ.  
222 0 |a Δελτίον Βιβλικών Μελετών  
245 0 0 |a Δελτίον Βιβλικών Μελετών   |h [περιοδικό]   |c Λυμπεροπούλειον Ίδρυμα " Άρτος Ζωής "  
260 |a Αθήνα:   |b Θρησκευτικόν , Εκπαιδευτικόν και Φιλανθρωπικών Λυμπεροπούλειον Ίδρυμα " Άρτος Ζωής",   |c 1971-1974  
300 |a  τ. ;   |c 22 εκ.  
310 |a Εξαμηνιαίο,   |b 1971-1974  
500 |a Η βιβλιοθήκη του παραρτήματος Ρόδου έχει στο αρχείο της δεμένα τεύχη μαζί σε ένα τόμο του Δελτίον Βιβλιογραφικών Μελετών 1 από το έτος 1972-1974.  
500 |a Εμπεριέχονται άρθρα στα ελληνικά που παρουσιάστηκαν στο Α' Διορθόδοξον Συνέδριον Ερμηνευτικής Θεολογίας, που έλαβε χώρα στο Διορθόδοξον Κέντρον Αθηνών της Ιεράς Μονής Πεντέλης 17-21 Μαϊου 1972, με θέμα: " Η αξία της πατερικής ερμηνευτικής παραδόσεως δια την σύγχρονον βιβλικήν έρευναν".  
650 0 |a Orthodox Eastern Church  |z Greece. 
650 0 |a Bible. 
650 0 |a Theology  |x Periodicals. 
853 |a INST  |b RHODES  |c SER  |h 220 
920 |a Κρικώνης   |b Δημήτριος   |y Ρόδος  |z 2004/01  
922 |a 4ΕΛΗ  |b 2004/01  
970 |a Σιδερή   |b Νεκταρία   |z 02-10-2019